Forme de pays dessinée à la main - Statistiques

Statistiques générales
  • Ce quiz a été pris 82 fois
  • Le résultat moyen est 7 sur 12
Statistiques - réponses
Par images Réponse % Correct
Australie
96%
Inde
95%
Chili
85%
Croatie
78%
Espagne
76%
Panama
50%
Vietnam
50%
Norvège
47%
Haiti
42%
Iles Marshall
18%
Vatican
18%
Qatar
14%
Aucun quiz correspondant
Distribution des résultats
% des personnes avec chaque résultat
Percentile par nombre de réponses
Votre historique - résultats
Vous n’avez pas pris ce quiz